书目信息 |
| 题名: |
戈拉
|
|
| 作者: | 泰戈尔 , Tagore 著 ;刘寿康 译 | |
| 分册: | ||
| 出版信息: | 北京 人民文学出版社 1984 |
|
| 页数: | 517页 | |
| 开本: | 21cm | |
| 丛书名: | 外国文学名著丛书 | |
| 单 册: | ||
| 中图分类: | I351.4 | |
| 科图分类: | ||
| 主题词: | 长篇小说--印度--现代 , 文学 | |
| 电子资源: | ||
| ISBN: | ||
| 000 | 00797nam2 2200301 45 | |
| 001 | 0184004424 | |
| 005 | 20040413103936.8 | |
| 010 | @dCNY1.55 | |
| 091 | @a10019.3586 | |
| 100 | @a19950622d1984 em y0chiy0121 ea | |
| 101 | 1 | @achi@cinc |
| 102 | @aCN@b110000 | |
| 105 | @ay z 000ay | |
| 106 | @ar | |
| 200 | 10 | @a戈拉@Age la@f(印)泰戈尔(R.Tagore)著@g刘寿康译 |
| 210 | @a北京@c人民文学出版社@d1984 | |
| 215 | @a517页@d21cm | |
| 225 | 2 | @a外国文学名著丛书 |
| 410 | 0 | @120010@a外国文学名著丛书 |
| 606 | @a长篇小说@y印度@z现代 | |
| 606 | 0 | @a文学 |
| 690 | @aI351.4 | |
| 701 | 1 | @a泰戈尔@Atai ge er@bR.@4著 |
| 701 | A1 | @aTagore@bR.@4著 |
| 702 | 0 | @a刘寿康@Aliu shou kang@4译 |
| 801 | 0 | @aCN@b上海图书馆@c20040413 |
| 801 | 2 | @aCN@bNLC@c20040413 |
| 905 | @f1@b117515@dI351.4@e22 | |
| 戈拉/(印)泰戈尔(R.Tagore)著/刘寿康译.-北京:人民文学出版社,1984 |
| 517页;21cm.-(外国文学名著丛书) |
| ISBN :CNY1.55 |
| ● |
| 相关链接 |
|
|
|
|
正题名:戈拉
索取号:I351.4/22
 
预约/预借
| 序号 | 登录号 | 条形码 | 馆藏地/架位号 | 状态 | 备注 |
| 1 | 0116680 | 202116174 | 第一样本阅览室/ [索取号:I351.4/22] | 在馆 | |
| 2 | 0117515 | 001597980 | 第二借阅区/ [索取号:I351.4/22] | 在馆 |